Do kogo należały te państwa? - Statystyki

Ogólne statystyki
  • Ten quiz został rozwiązany 23 razy
    21 od ostatniego zresetowania
  • Średni wynik to 54 z 57
Statystyki odpowiedzi
Hint Odpowiedź % Poprawnych
Algieria Francja
100%
Niger Francja
100%
Tunezja Francja
100%
Argentyna Hiszpania
100%
Paragwaj Hiszpania
100%
Chile Hiszpania
100%
Boliwia Hiszpania
100%
Peru Hiszpania
100%
Kolumbia Hiszpania
100%
Wenezuela Hiszpania
100%
Meksyk Hiszpania
100%
Gwatemala Hiszpania
100%
Kostaryka Hiszpania
100%
Honduras Hiszpania
100%
Nikaragua Hiszpania
100%
Mozambik Portugalia
100%
Brazylia Portugalia
100%
USA Wielka Brytania
100%
Indie Wielka Brytania
100%
Pakistan Wielka Brytania
100%
RPA Wielka Brytania
100%
Kanada Wielka Brytania, Francja
100%
Haiti Francja
94%
Dominikana Francja
94%
Wietnam Francja
94%
Kambodża Francja
94%
Czad Francja
94%
Kongo Francja
94%
Madagaskar Francja
94%
Mauretania Francja
94%
Urugwaj Hiszpania
94%
Panama Hiszpania
94%
Filipiny Hiszpania
94%
Bahamy Wielka Brytania
94%
Belize Wielka Brytania
94%
Antigua i Barbuda Wielka Brytania
94%
Bangladesz Wielka Brytania
94%
Irak Wielka Brytania
94%
Nepal Wielka Brytania
94%
Nigeria Wielka Brytania
94%
Tanzania Wielka Brytania
94%
Zambia Wielka Brytania
94%
Zimbabwe Wielka Brytania
94%
Demokratyczna Republika Konga Belgia
88%
Laos Francja
88%
Gwinea Francja
88%
Surinam Holandia
88%
Angola Portugalia
88%
Gujana Wielka Brytania
88%
Grenada Wielka Brytania
88%
Saint Vincent i Grenadyny Wielka Brytania
88%
Iran Wielka Brytania
88%
Kenia Wielka Brytania
88%
Burundi Belgia
81%
Indonezja Holandia
81%
Gwinea Bissau Portugalia
81%
Timor Wschodni Portugalia
81%
Nie znaleziono quizów pasujących do podanych kryteriów
Rozkład punktacji
Procent ludzi z każdym wynikiem
Percentyl według liczby udzielonych odpowiedzi
Twoja historia wyników
Nie rozwiązałeś tego quizu od ostatniego zresetowania